Politics in India since independence (Record no. 8205)

MARC details
000 -LEADER
fixed length control field 00529cam a2200217ua 4500
008 - FIXED-LENGTH DATA ELEMENTS--GENERAL INFORMATION
fixed length control field 150221n ii |||gr||||Z||||||eng
020 ## - INTERNATIONAL STANDARD BOOK NUMBER
International Standard Book Number 9788191069020
040 ## - CATALOGING SOURCE
Transcribing agency MAIN
041 ## - LANGUAGE CODE
-- eng
082 ## - DEWEY DECIMAL CLASSIFICATION NUMBER
Classification number 320.954
100 ## - MAIN ENTRY--PERSONAL NAME
Personal name Paul, K. C,
Relator term
245 1# - TITLE STATEMENT
Title Politics in India since independence
Statement of responsibility, etc. By K. C. Paul
250 ## - EDITION STATEMENT
Edition statement 1st.
260 ## - PUBLICATION, DISTRIBUTION, ETC.
Place of publication, distribution, etc. Guwahati:
Name of publisher, distributor, etc. Arun,
Date of publication, distribution, etc. 2011.
300 ## - PHYSICAL DESCRIPTION
Extent 176p.
700 ## - ADDED ENTRY--PERSONAL NAME
Personal name Paul, N.,
Relator term
700 ## - ADDED ENTRY--PERSONAL NAME
Personal name Konwar, S.,
Relator term
942 ## - ADDED ENTRY ELEMENTS (KOHA)
Koha item type Books
653 ## - INDEX TERM--UNCONTROLLED
Uncontrolled term Political science
Holdings
Withdrawn status Lost status Damaged status Not for loan Home library Current library Shelving location Date acquired Total Checkouts Full call number Barcode Date last seen Copy number Price effective from Koha item type Date last checked out
        Central Library, Naharkatiya College Central Library, Naharkatiya College General Stacks 19/09/2020   320.954 | PAU 20140 19/09/2020 1 19/09/2020 Books  
        Central Library, Naharkatiya College Central Library, Naharkatiya College General Stacks 19/09/2020 9 320.954 | PAU 22028 21/10/2024 3 19/09/2020 Books 26/09/2024
        Central Library, Naharkatiya College Central Library, Naharkatiya College General Stacks 19/09/2020   320.954 | PAU 22029 19/09/2020 2 19/09/2020 Books  

Naharkatiya College © 2020. All rights reserved.

Powered By